ბათუმის შოთა რუსთაველის სახელმწიფო უნივერსიტეტის ბიბლიოთეკა

ჩანაწერი Corporate Name

ჩანაწერთა რაოდენობა, რომელიც გამოყენებულია: 1

001 - CONTROL NUMBER

  • control field: 15662

003 - CONTROL NUMBER IDENTIFIER

  • control field: GE_BSU

005 - DATE AND TIME OF LATEST TRANSACTION

  • control field: 20221031103702.0

008 - FIXED-LENGTH DATA ELEMENTS

  • fixed length control field: 221031|| aca||aabn | a|a d

040 ## - CATALOGING SOURCE

  • Original cataloging agency: GE_BSU
  • Transcribing agency: GE_BSU

110 ## - HEADING--CORPORATE NAME

  • Corporate name or jurisdiction name as entry element: ბათუმის შოთა რუსთაველის სახელმწიფო უნივერსიტეტი
  • Subordinate unit: ჰუმანიტარულ მეცნიერებათა ფაკულტეტი. აღმოსავლეთმცოდნეობის დეპარტამენტი. ევროპეისტიკის დეპარტამენტი.

670 ## - SOURCE DATA FOUND

  • Source citation: Work cat.: (GE_BSU): ცინცაბაძე, ქრისტინე 15661, ფრაზეოლოგიურ ერთეულთა კონცეპტუალური ველი და მათი თარგმნის ლინგვოკულტურული ასპექტები :